Statistiche per Il Canto degli Italiani - Testi

Clicka qui per fare il quiz!

Statistiche generali

  • Questo quiz è stato fatto 209 volte
  • Il punteggio medio è 196 su 291

Statistiche sulle risposte

Testi% Corretto
d'
99%
d’
99%
e
99%
è
99%
I
99%
s’
99%
Fratelli
98%
l’
98%
l'
98%
di
97%
Italia,
97%
Italia
97%
la
96%
desta,
95%
Vittoria?
95%
chi
94%
Dov’
94%
elmo
94%
testa.
94%
ci
93%
del
93%
Scipio
93%
a
92%
cinta
92%
Roma
92%
chioma,
91%
creò.
90%
schiava
90%
Si
90%
Si!
90%
porga
89%
morte.
86%
morte,
86%
pronti
86%
alla
85%
che
85%
chiamò!
85%
chiamò.
85%
Siam
85%
siam
85%
Le
83%
le
83%
Iddio
82%
dell’
81%
Stringiamoci
77%
a coorte,
75%
coorte,
75%
cor
45%
per
45%
da
42%
Noi
41%
Il
39%
il
39%
un’
34%
perché
31%
derisi,
30%
non
30%
popolo,
30%
secoli
30%
Dio,
28%
divisi.
28%
Ma
28%
siamo
27%
calpesti,
26%
bandiera,
21%
già
21%
Già
21%
ha
21%
Ha
21%
speme:
21%
una
21%
Balilla,
20%
suon
20%
Alpi
19%
amore
19%
sangue
18%
Sicilia
18%
suonò.
18%
unica
18%
ora
17%
Polacco,
17%
Austria
16%
chiaman
16%
insieme
16%
Raccolgaci
16%
ai
15%
Dall'
15%
fonderci
15%
Aquila
14%
bimbi
14%
Ogn'
14%
popoli
14%
Uniamoci,
14%
unione
14%
vie
14%
cosacco,
13%
Legnano,
13%
amiamoci,
12%
Bevé,
12%
col
12%
l’Italia
12%
penne
12%
rivelano
12%
Signore.
12%
uniti,
12%
uom
12%
Vespri
12%
far
11%
core,
10%
Dovunque
10%
Ferruccio
10%
perdute.
10%
può?
10%
squilla
10%
mano,
9%
spade
9%
natio:
8%
ogni
8%
Son
8%
vendute:
8%
bruciò.
7%
giunchi
7%
Giuriamo
7%
libero
7%
piegano
7%
suolo
7%
vincer
7%

Distribuzione punteggi

Percentile per numero di risposta

Percentuale di utenti per punteggio

I tuoi punteggi nel tempo

Non hai fatto questo quiz